সফলতা অর্জনের বিজ্ঞান / (Record no. 11025)
[ view plain ]
| 000 -LEADER | |
|---|---|
| fixed length control field | 00722nam a2200217 a 4500 |
| 001 - CONTROL NUMBER | |
| JCCL Control Number | 11025 |
| 003 - CONTROL NUMBER IDENTIFIER | |
| JCCL marc code | BD-JhCC |
| 005 - DATE AND TIME OF LATEST TRANSACTION | |
| control field | 20190725143713.0 |
| 008 - FIXED-LENGTH DATA ELEMENTS--GENERAL INFORMATION | |
| fixed length control field | 190625s2013 bg |||| |||| 000 0 ben d |
| 020 ## - INTERNATIONAL STANDARD BOOK NUMBER | |
| International Standard Book Number | 9847014900428 |
| 035 ## - SYSTEM CONTROL NUMBER | |
| system control number | (BD-JhCC)11025 |
| 040 ## - CATALOGING SOURCE | |
| Original cataloging agency | BD-JhCC |
| Modifying agency | BD-JhCC |
| 041 ## - LANGUAGE CODE | |
| Language code of Book | ben |
| 082 ## - DEWEY DECIMAL CLASSIFICATION NUMBER | |
| Classification number | 158.1 |
| Author mark and Year | HUS 2013 |
| 100 ## - MAIN ENTRY--PERSONAL NAME | |
| Personal name | হুসাইন, এস. এম. জাকির |
| 245 ## - TITLE STATEMENT | |
| Title | সফলতা অর্জনের বিজ্ঞান / |
| Statement of responsibility, etc | এস. এম. জাকির হুসাইন, |
| 260 ## - PUBLICATION, DISTRIBUTION, ETC. (IMPRINT) | |
| Place of publication, distribution, etc | ঢাকা : |
| Name of publisher, distributor, etc | রোহেল পাবলিকেশন্স, |
| Date of publication, distribution, etc | ২০১৩. |
| 300 ## - PHYSICAL DESCRIPTION | |
| Pagination | ৮০ পৃ. : |
| Dimensions | ২১ সেমি. |
| 650 ## - SUBJECT ADDED ENTRY--TOPICAL TERM | |
| Topical term or geographic name as entry element | Success |
| 942 ## - ADDED ENTRY ELEMENTS (KOHA) | |
| Source of classification or shelving scheme | Dewey Decimal Classification |
| Koha item type | Books |
| Source of classification or shelving scheme | Damaged status | Not for loan | Home library | Current library | Shelving location | Date of accession | Cost, normal purchase price | Total Checkouts | Full call number | Barcode | Date last seen | Copy number | Koha item type |
|---|---|---|---|---|---|---|---|---|---|---|---|---|---|
| Dewey Decimal Classification | JCC Rouf Library | JCC Rouf Library | General Stacks | 06/25/2019 | 190.00 | 158.1 HUS 2013 | 15108 | 07/25/2019 | C-1 | Books |